Real Housewives by tagline - Statistics

General Stats
  • This quiz has been taken 348 times
    336 since last reset
  • The average score is 21 of 47
Answer Stats
Tagline Housewife % Correct
Get the Pinot ready, because it's turtle time Ramona Singer
82%
The crown is heavy darlings. So just leave it where it belongs Lisa Vanderpump
79%
If you can't be cool, you can't be with the Countess Luann de Lesseps
76%
When you've traveled the world, you can speak in any accent you want Dorit Kemsley
69%
I may be two people but I'm not two-faced Erika Jayne
69%
In a town full of phonies, I'm not afraid to be me Kyle Richards
69%
My lips were made for talking and that's just what they'll do Lisa Rinna
68%
People make fun of Jersey girls, but I think they're just jealous Teresa Guidice
68%
I'm not a bitch but I played one on TV Eileen Davidson
67%
When people tell me I'm fake, I know they're just pulling my leg Aviva Drescher
64%
To a certain group of people in New York, status is everything Alex McCord
61%
I won Miss USA, not Miss Congeniality Kenya Moore
61%
Sometimes ______ has to go commando. What can I say? Sonja Morgan
59%
I tell it like it is, but I always make it nice Dorinda Medley
58%
I'm not a housewife but I'm real Bethenny Frankel
57%
I might not be the sharpest tool in the shed, but I'm pretty Kristen Taekman
56%
I run with a fabulous circle of people Jill Zarin
54%
Why be so nasty and so rude, when I can be so fierce and so successful? Nene Leakes
54%
A good set of lashes can fix anything, even a mugshot! Tinsley Mortimer
53%
Everybody loves a comeback story, especially starring me Kim Richards
52%
If you're going to talk about me behind my back, at least check out my great ass Carole Radziwill
50%
I fought too hard for this zip code to go home now Taylor Armstrong
50%
I'm back to bring the zen. Namaste, bitches Dina Manzo
48%
God is my saviour, my husband is my king, and my body? It's sinful Alexis Bellino
47%
In my world money doesn't talk.It swears Carlton Gebbia
44%
Fake friends believe rumours, real friends believe in you Yolanda Foster
43%
I'd rather spend my life kicking ass than kissing it Brandi Glanville
42%
You're either gonna love me or hate me. There is no inbetween with me Danielle Staub
42%
Diamonds aren't a girls best friend, freedom is Camille Grammer
41%
Age is just a number, but this cheekbones are timeless Cynthia Bailey
36%
Call me a bad server, cause I always spill the tea Sheree Whitfield
34%
Money is what I have not who I am Adrienne Maloof
33%
If you can't take the heat, get out of my kitchen Kathy Wakile
32%
Only god can judge me and he seems very impressed Phaedra Parks
32%
I'm done being the trophy wife. Freedom only makes me hotter Tamra Judge
32%
Whoever said blondes have more fun, hasn't met me Heather Dubrow
28%
People call me a gold digger but they just want what I have Kim Zolciak
27%
Don't mess with the boss, cause you might get fired Kandi Burruss
26%
Don't call me a princess, call me the boss Gretchen Rossi
25%
Gamble on me, and you're sure to win Gamble Breaux
23%
I'm living the American dream. One mistake at a time Kelly Killoren Bensimon
23%
Don't hate me because I have it all, hate me because I'm beautiful Joanna Krupa
21%
Everything's got to be huge, large and grand Vicki Gunvalson
21%
People say I have a picture perfect life, and I do Porsha Williams
19%
Am I high maintenance? Of course I am, look at me Alexis Bellino
12%
I don't make money I spend money Mary Amons
11%
Beauty is power if you know how to use it Alexia Echevarria
9%
No matching quizzes found
Score Distribution
Percent of People with Each Score
Percentile by Number Answered
Your Score History
You have not taken this quiz since the last reset